|
|
|
|
| LEADER |
01092naa a2200229 i 4500 |
| 001 |
acta74176 |
| 005 |
20221108131927.0 |
| 008 |
220120s2022 hu o 1|| eng d |
| 024 |
7 |
|
|a 10.14232/syrptbrs.2022.50
|2 doi
|
| 040 |
|
|
|a SZTE Egyetemi Kiadványok Repozitórium
|b hun
|
| 041 |
|
|
|a eng
|
| 100 |
1 |
|
|a Vasiljević Ivana
|
| 245 |
1 |
3 |
|a An investigation into multiparticulate units printablity by selective laser sintering
|h [elektronikus dokumentum] /
|c Vasiljević Ivana
|
| 260 |
|
|
|c 2022
|
| 300 |
|
|
|a 50
|
| 490 |
0 |
|
|a Symposium of Young Researchers on Pharmaceutical Technology, Biotechnology and Regulatory Science
|v 4
|
| 650 |
|
4 |
|a Orvos- és egészségtudomány
|
| 650 |
|
4 |
|a Általános orvostudomány
|
| 695 |
|
|
|a Gyógyszertechnológia - előadáskivonat, Biotechnológia - előadáskivonat, Gyógyszerkémia - előadáskivonat
|
| 700 |
0 |
1 |
|a Parojčić Jelena
|e aut
|
| 710 |
|
|
|a Symposium of Young Researchers on Pharmaceutical Technology, Biotechnology and Regulatory Science (4.) (2022) (Szeged)
|
| 856 |
4 |
0 |
|u http://acta.bibl.u-szeged.hu/74176/1/syrptbrs_2022_050.pdf
|z Dokumentum-elérés
|